Catálogo

Vista normal Vista MARC

Entrada Personal Name

Número de registros utilizados en: 3

001 - CONTROL NUMBER

  • control field: 4094

003 - CONTROL NUMBER IDENTIFIER

  • control field: OSt

005 - DATE AND TIME OF LATEST TRANSACTION

  • control field: 20180716122845.0

008 - FIXED-LENGTH DATA ELEMENTS

  • fixed length control field: 170417 a|ac|n|aab||||||||||||a |n|||||||

040 ## - CATALOGING SOURCE

  • Description conventions: rda

100 1# - HEADING--PERSONAL NAME

  • Personal name: Cetina Alcala, Victor Manuel,

375 ## - GENDER

  • Gender: masculino

377 ## - ASSOCIATED LANGUAGE

  • Language code: spa

400 1# - SEE FROM TRACING--PERSONAL NAME

  • Personal name: Alcala, Victor Manuel Cetina